[Event "3. Memorial Oliver Gonzalez 2012 - B"]
[Site "Madrid ESP"]
[Date "2012.09.04"]
[Round "4.5"]
[White "Abul, Qasem"]
[Black "Marcos Herrero, Francisco"]
[Result "1-0"]
[WhiteElo "2030"]
[BlackElo "1937"]
[PlyCount "55"]
[EventDate "2012.09.01"]
[EventType "swiss"]
[EventRounds "9"]
[EventCountry "ESP"]
[Source "lmi"]
[SourceDate "2012.09.01"]

1. e4 c5 2. Nf3 Nc6 3. d4 cxd4 4. Nxd4 Nf6 5. Nc3 d6 6. f4 g6 7. Be2 Bg7 8. Nb3
O-O 9. Be3 Be6 10. Qd2 a6 11. h3 Na5 12. Nd4 Bc4 13. Bf3 Nc6 14. O-O-O Qa5 15.
Kb1 Nxd4 16. Bxd4 e5 17. Be3 Nxe4 18. Bxe4 d5 19. Bxd5 Rad8 20. Bxc4 Rxd2 21.
Bxd2 exf4 22. Nd5 Qc5 23. Bb3 a5 24. Nxf4 b5 25. Bxa5 Re8 26. Nd3 Qa7 27. Bb4
h5 28. Rhf1 1-0

[Event "3. Memorial Oliver Gonzalez 2012 - B"]
[Site "Madrid ESP"]
[Date "2012.09.04"]
[Round "4.6"]
[White "Cavalle Pulla, Daniel"]
[Black "Ruiz Quevedo, Andres"]
[Result "1-0"]
[WhiteElo "2019"]
[BlackElo "1916"]
[PlyCount "79"]
[EventDate "2012.09.01"]
[EventType "swiss"]
[EventRounds "9"]
[EventCountry "ESP"]
[Source "lmi"]
[SourceDate "2012.09.01"]

1. e4 d6 2. d4 Nf6 3. Nc3 e5 4. Nf3 exd4 5. Nxd4 Be7 6. Bf4 O-O 7. Qd2 d5 8.
exd5 Nxd5 9. Nxd5 Qxd5 10. Nb5 Qxd2+ 11. Kxd2 Na6 12. Nxc7 Nxc7 13. Bxc7 Bf5
14. Bd3 Bxd3 15. cxd3 Rfe8 16. Bg3 Bb4+ 17. Kc2 Re6 18. Rac1 Rae8 19. Kb3 Bd2
20. Rc7 Rb6+ 21. Kc2 Ba5 22. a3 Rb5 23. Rc4 h5 24. b4 Re2+ 25. Kb3 Bb6 26. Re4
Rd2 27. Kc4 Rf5 28. Re7 Bxf2 29. Rf1 g6 30. Rxb7 Bxg3 31. Rxf5 gxf5 32. hxg3
Rxg2 33. Rxa7 f4 34. gxf4 h4 35. Ra5 Rg4 36. Kd4 Kg7 37. Ke4 Kg6 38. Rg5+ Rxg5
39. fxg5 Kxg5 40. Kf3 1-0

[Event "3. Memorial Oliver Gonzalez 2012 - B"]
[Site "Madrid ESP"]
[Date "2012.09.04"]
[Round "4.7"]
[White "Ortiz Berruguete, Adrian"]
[Black "Perez Llera, Javier"]
[Result "0-1"]
[WhiteElo "1803"]
[BlackElo "2015"]
[PlyCount "60"]
[EventDate "2012.09.01"]
[EventType "swiss"]
[EventRounds "9"]
[EventCountry "ESP"]
[Source "lmi"]
[SourceDate "2012.09.01"]

1. e4 d5 2. exd5 Nf6 3. d4 Bg4 4. Be2 Bxe2 5. Nxe2 Nxd5 6. c4 Nb6 7. Qb3 Nc6 8.
Be3 e6 9. Nbc3 Bb4 10. O-O Bxc3 11. bxc3 O-O 12. a4 Na5 13. Qc2 Nbxc4 14. Bf4
Qe7 15. Rfb1 Na3 16. Qe4 Nxb1 17. Rxb1 b6 18. Rb5 Rfe8 19. Rh5 g6 20. Rh3 Nc4
21. Bh6 Nd6 22. Qf4 e5 23. Qd2 exd4 24. Kf1 Nf5 25. Bf4 dxc3 26. Rxc3 Rad8 27.
Rd3 c5 28. Qc2 Rxd3 29. Qxd3 Qe4 30. Qb5 Nd4 0-1

[Event "3. Memorial Oliver Gonzalez 2012 - B"]
[Site "Madrid ESP"]
[Date "2012.09.04"]
[Round "4.8"]
[White "Rasskin Friederichs, Ivan"]
[Black "Vargas Huamani, Juan C"]
[Result "1-0"]
[WhiteElo "2015"]
[BlackElo "1898"]
[PlyCount "71"]
[EventDate "2012.09.01"]
[EventType "swiss"]
[EventRounds "9"]
[EventCountry "ESP"]
[Source "lmi"]
[SourceDate "2012.09.01"]

1. e4 c5 2. Nc3 Nc6 3. g3 g6 4. Bg2 Bg7 5. d3 e6 6. Be3 Nd4 7. Qd2 Ne7 8. Nd1
d6 9. c3 Ndc6 10. Bh6 O-O 11. h4 f5 12. h5 Qe8 13. Bxg7 Kxg7 14. hxg6 Qxg6 15.
Ne2 e5 16. Ne3 f4 17. gxf4 exf4 18. Nd5 f3 19. Bxf3 Rxf3 20. Rg1 Bg4 21. Ndf4
Qf7 22. Rxg4+ Kh8 23. O-O-O Rxf2 24. Rh1 Rg8 25. Rgh4 Rg7 26. Qe3 Rxe2 27. Qxe2
Qxa2 28. Qh2 Qg8 29. Rh6 Ne5 30. Rxd6 Nf3 31. Qf2 Ne5 32. Ne6 Rf7 33. Qxc5 N7c6
34. Rd8 Nxd8 35. Qxe5+ Rg7 36. Ng5 1-0

[Event "3. Memorial Oliver Gonzalez 2012 - B"]
[Site "Madrid ESP"]
[Date "2012.09.04"]
[Round "4.9"]
[White "Alvarez Gonzalez, Eduardo"]
[Black "Avendaño Mateos, Jose"]
[Result "1/2-1/2"]
[WhiteElo "1771"]
[BlackElo "2014"]
[PlyCount "112"]
[EventDate "2012.09.01"]
[EventType "swiss"]
[EventRounds "9"]
[EventCountry "ESP"]
[Source "lmi"]
[SourceDate "2012.09.01"]

1. d4 d5 2. c4 c6 3. Nc3 e6 4. e3 f5 5. g3 Nf6 6. Bg2 Bd6 7. Nf3 O-O 8. b3 Bd7
9. O-O Be8 10. Ne5 Nbd7 11. f4 Ne4 12. Qd3 Ndf6 13. Bb2 Rc8 14. Rac1 Bh5 15.
Bf3 Bxf3 16. Rxf3 Qe8 17. Rff1 Qh5 18. Kg2 Rfd8 19. Qe2 Qe8 20. cxd5 Nxc3 21.
Rxc3 exd5 22. Rc2 Ne4 23. Rfc1 Qe7 24. Qe1 Bb4 25. Qe2 Rf8 26. g4 fxg4 27. Qxg4
Bd6 28. Rg1 Rc7 29. Kf3 Rf6 30. Qh4 Qf8 31. Rcg2 Bxe5 32. dxe5 Re6 33. Qh3 Qe8
34. f5 Rxe5 35. Bxe5 Qxe5 36. Qg4 Re7 37. Qf4 Qxf4+ 38. Kxf4 Rf7 39. Ke5 Re7+
40. Kd4 Rf7 41. a4 Nd6 42. f6 Nf5+ 43. Ke5 g6 44. Rxg6+ hxg6 45. Rxg6+ Ng7 46.
fxg7 Rf3 47. Kd4 Rf2 48. h4 Rf5 49. b4 Rf7 50. b5 cxb5 51. axb5 Rf5 52. Rg4 a6
53. bxa6 bxa6 54. Rg6 a5 55. e4 dxe4 56. Kxe4 Rf7 1/2-1/2

[Event "3. Memorial Oliver Gonzalez 2012 - B"]
[Site "Madrid ESP"]
[Date "2012.09.04"]
[Round "4.10"]
[White "De Sousa Da Silva, Armando"]
[Black "Sierra Soria, Maria"]
[Result "1-0"]
[WhiteElo "2014"]
[BlackElo "1795"]
[PlyCount "89"]
[EventDate "2012.09.01"]
[EventType "swiss"]
[EventRounds "9"]
[EventCountry "ESP"]
[Source "lmi"]
[SourceDate "2012.09.01"]

1. d4 d5 2. c4 dxc4 3. e3 e6 4. Bxc4 a6 5. Nf3 Nf6 6. O-O c5 7. a4 b6 8. Nc3
Bb7 9. Ne5 Nc6 10. Nxc6 Bxc6 11. Qe2 Qc7 12. Bxa6 cxd4 13. exd4 Bd6 14. f4 O-O
15. Nb5 Qd7 16. Nxd6 Qxd6 17. Be3 Qd5 18. Bc4 Qd7 19. b3 Rfd8 20. Rfd1 Qc7 21.
Rac1 Nd5 22. g3 Nxe3 23. Qxe3 Qd6 24. Qe5 Qd7 25. Qe2 Ra5 26. Rc3 Qe7 27. Bxe6
Bxa4 28. Bxf7+ Qxf7 29. bxa4 Rxa4 30. d5 Raa8 31. d6 Rd7 32. Qb5 Rb8 33. Rc6
Qe6 34. Kf2 Qa2+ 35. Kf3 Qa5 36. Qc4+ Kf8 37. Rc8+ Rd8 38. Rxb8 Rxb8 39. Rd5
Qa8 40. Kg4 g6 41. d7 Ke7 42. Qe2+ Kf7 43. Re5 Rd8 44. Re7+ Kf8 45. Qe6 1-0

[Event "3. Memorial Oliver Gonzalez 2012 - B"]
[Site "Madrid ESP"]
[Date "2012.09.04"]
[Round "4.11"]
[White "Morona Minguez, Irene"]
[Black "Sanchez Romero, Ruben"]
[Result "1-0"]
[WhiteElo "1952"]
[BlackElo "1788"]
[PlyCount "57"]
[EventDate "2012.09.01"]
[EventType "swiss"]
[EventRounds "9"]
[EventCountry "ESP"]
[Source "lmi"]
[SourceDate "2012.09.01"]

1. e4 e5 2. Nf3 d6 3. d4 Nd7 4. Nc3 Ngf6 5. g4 exd4 6. Nxd4 Nc5 7. Qe2 Bxg4 8.
f3 Bd7 9. Bg5 Ne6 10. Nxe6 fxe6 11. O-O-O e5 12. Qc4 Be7 13. Rg1 Kf8 14. Rd2 h6
15. Be3 Be8 16. f4 Nd7 17. Bh3 Bf6 18. Rf1 Bf7 19. Qe2 Qe7 20. Bxd7 Qxd7 21.
fxe5 Bxe5 22. Qh5 Kg8 23. Qxe5 Qh3 24. Qf4 Bg6 25. Rdf2 Kh7 26. Qg3 Qe6 27. Rg1
Rhf8 28. Rfg2 Rf6 29. Bd4 1-0

[Event "3. Memorial Oliver Gonzalez 2012 - B"]
[Site "Madrid ESP"]
[Date "2012.09.04"]
[Round "4.12"]
[White "Vazquez Gonzalez, Jesus"]
[Black "Fernandez Garcia, Ignacio"]
[Result "1-0"]
[WhiteElo "2061"]
[BlackElo "1832"]
[PlyCount "89"]
[EventDate "2012.09.01"]
[EventType "swiss"]
[EventRounds "9"]
[EventCountry "ESP"]
[Source "lmi"]
[SourceDate "2012.09.01"]

1. e4 d6 2. d4 g6 3. Nc3 Bg7 4. Bf4 Nf6 5. Qd2 h6 6. h4 c6 7. Be2 b5 8. a3 a6
9. Nf3 Qb6 10. O-O Bg4 11. e5 dxe5 12. Nxe5 Bxe2 13. Nxe2 Nd5 14. Bg3 O-O 15.
Rae1 Ra7 16. f4 Nd7 17. Kh1 N5f6 18. Ng1 e6 19. Rf3 c5 20. Bf2 Nxe5 21. fxe5
Ng4 22. dxc5 Nxf2+ 23. Qxf2 Qc7 24. Qe3 Rd8 25. b4 Rd5 26. Ref1 Qxe5 27. Qf2
Qc7 28. Nh3 Qe7 29. Nf4 Rf5 30. g4 Re5 31. h5 g5 32. Nd3 Re4 33. Qg2 f5 34.
gxf5 exf5 35. Rxf5 Rh4+ 36. Kg1 Bd4+ 37. Nf2 Qe2 38. Qd5+ Kg7 39. Rxg5+ hxg5
40. Qxg5+ Kf8 41. Qd8+ Qe8 42. Qxh4 Qe5 43. Kh1 Rf7 44. Qd8+ Kg7 45. Rg1+ 1-0

[Event "3. Memorial Oliver Gonzalez 2012 - B"]
[Site "Madrid ESP"]
[Date "2012.09.04"]
[Round "4.13"]
[White "Quintero Torres, Pedro"]
[Black "Montes De Santiago, Fernando"]
[Result "1/2-1/2"]
[WhiteElo "2053"]
[BlackElo "1818"]
[PlyCount "60"]
[EventDate "2012.09.01"]
[EventType "swiss"]
[EventRounds "9"]
[EventCountry "ESP"]
[Source "lmi"]
[SourceDate "2012.09.01"]

1. e4 d5 2. exd5 Qxd5 3. Nc3 Qa5 4. d4 Nf6 5. Nf3 Bg4 6. h3 Bh5 7. g4 Bg6 8.
Bb5+ c6 9. Bd3 e6 10. Ne5 Bd6 11. Nc4 Qc7 12. Qf3 Nbd7 13. Bg5 h6 14. Bxf6 Nxf6
15. Bxg6 fxg6 16. Nxd6+ Qxd6 17. O-O-O O-O-O 18. Rhe1 Rhf8 19. Qe3 Rde8 20. Qd3
Qf4+ 21. Kb1 g5 22. Qe3 Nd5 23. Nxd5 cxd5 24. Qa3 a6 25. Re5 Qxf2 26. Qc5+ Kb8
27. Qd6+ Ka8 28. a3 Rc8 29. Rc1 Rc6 30. Qe7 Qf6 1/2-1/2

[Event "3. Memorial Oliver Gonzalez 2012 - B"]
[Site "Madrid ESP"]
[Date "2012.09.04"]
[Round "4.14"]
[White "Galan Aguado, Fernando"]
[Black "Julian Serra, Rogelio"]
[Result "1/2-1/2"]
[WhiteElo "1820"]
[BlackElo "2042"]
[PlyCount "39"]
[EventDate "2012.09.01"]
[EventType "swiss"]
[EventRounds "9"]
[EventCountry "ESP"]
[Source "lmi"]
[SourceDate "2012.09.01"]

1. d4 Nf6 2. Nf3 d5 3. e3 c5 4. b3 Nc6 5. Bb2 Bf5 6. a3 e6 7. Nbd2 Bd6 8. Ne5
cxd4 9. exd4 Qc7 10. Ndf3 Ne4 11. Rc1 Bxa3 12. Bxa3 Qa5+ 13. c3 Qxa3 14. Be2
Rc8 15. Nxc6 Rxc6 16. Bb5 O-O 17. Bxc6 bxc6 18. Ne5 Qb2 19. Nd3 Qa3 20. f3
1/2-1/2

[Event "3. Memorial Oliver Gonzalez 2012 - B"]
[Site "Madrid ESP"]
[Date "2012.09.04"]
[Round "4.15"]
[White "Rodriguez Bachiller, Luis"]
[Black "Sarto Ramos, Angel"]
[Result "0-1"]
[WhiteElo "1813"]
[BlackElo "2020"]
[PlyCount "120"]
[EventDate "2012.09.01"]
[EventType "swiss"]
[EventRounds "9"]
[EventCountry "ESP"]
[Source "lmi"]
[SourceDate "2012.09.01"]

1. e4 g6 2. d4 c6 3. Nf3 d5 4. exd5 cxd5 5. Nbd2 Bg7 6. c3 Nc6 7. Bd3 Nh6 8.
O-O Bf5 9. Bxf5 Nxf5 10. Re1 O-O 11. Nf1 e6 12. Ne3 Nxe3 13. Bxe3 b5 14. Bg5
Qb6 15. a3 a5 16. Bf4 Rfc8 17. Bd6 Nxd4 18. Nxd4 Bxd4 19. Qxd4 Qxd6 20. Rad1
Rc4 21. Qd3 Rac8 22. Re2 b4 23. cxb4 axb4 24. axb4 Qxb4 25. h3 Rb8 26. Rdd2 Qb3
27. Qb1 Rbc8 28. Re1 Rc2 29. Red1 Rxd2 30. Rxd2 Qc4 31. b3 Qc1+ 32. Rd1 Qxb1
33. Rxb1 Kf8 34. Kf1 Ke7 35. Ke2 Rc2+ 36. Ke3 Kd6 37. g3 Kc6 38. f3 e5 39. Kd3
Rg2 40. g4 Rg3 41. Rc1+ Kb6 42. Ke2 Rxh3 43. b4 Rh2+ 44. Kd3 Rf2 45. Rc5 Rxf3+
46. Ke2 Rf4 47. Rxd5 Rxg4 48. Ke3 Rxb4 49. Rxe5 Rb5 50. Re7 Rf5 51. Re8 Kc6 52.
Rc8+ Kd7 53. Rc1 h5 54. Ke4 Ke7 55. Rc6 Kf8 56. Rc8+ Kg7 57. Rc6 Rf1 58. Ke3 h4
59. Ke2 Rf5 60. Rc3 g5 0-1

[Event "3. Memorial Oliver Gonzalez 2012 - B"]
[Site "Madrid ESP"]
[Date "2012.09.04"]
[Round "4.16"]
[White "Alonso Aranzabal, Iñigo"]
[Black "Merino Araguas, Jose Javier"]
[Result "0-1"]
[WhiteElo "1976"]
[BlackElo "1811"]
[PlyCount "226"]
[EventDate "2012.09.01"]
[EventType "swiss"]
[EventRounds "9"]
[EventCountry "ESP"]
[Source "lmi"]
[SourceDate "2012.09.01"]

1. e4 e6 2. d4 d5 3. e5 c5 4. c3 Nc6 5. Nf3 Bd7 6. Be2 Nge7 7. Na3 cxd4 8. cxd4
Nf5 9. Nc2 Qa5+ 10. Bd2 Qb6 11. Bc3 Be7 12. g4 Nh4 13. Nxh4 Bxh4 14. O-O O-O
15. Kh1 f6 16. f4 fxe5 17. fxe5 Rf2 18. Qd3 Raf8 19. Rxf2 Rxf2 20. Rf1 Rxf1+
21. Bxf1 Qd8 22. Bd2 Be8 23. Qf3 Bg6 24. Bd3 Bxd3 25. Qxd3 Qf8 26. Qe2 Qf2 27.
Qxf2 Bxf2 28. Bc3 Kf7 29. Kg2 Bh4 30. Kh3 Be7 31. Kg3 a6 32. h4 Bf8 33. Kf4 g6
34. a3 Bh6+ 35. g5 Bf8 36. Ne3 h5 37. Kf3 Ke8 38. Ke2 Be7 39. Kd3 Kd7 40. Kc2
b5 41. Ng2 Ke8 42. Nf4 Kf7 43. Nd3 Ke8 44. Nf4 Kf7 45. Kd3 Bf8 46. Ne2 Be7 47.
Nc1 Ke8 48. Nb3 Kd7 49. Ba5 Ke8 50. Bb6 Kd7 51. Bc5 Bd8 52. Nc1 Ba5 53. b4 Bd8
54. Ne2 Ke8 55. Nc3 Kd7 56. a4 bxa4 57. Nxa4 Ke8 58. Bd6 Kf7 59. Bc5 Ke8 60.
Nc3 Kd7 61. Ne2 Ke8 62. Nf4 Kf7 63. Kc3 Bc7 64. Kb3 Nd8 65. Nd3 Nb7 66. Ba7 Bd8
67. Ka4 Ke8 68. Kb3 Bc7 69. Kc3 Bd8 70. Nf4 Kf7 71. Kd3 Bc7 72. Ne2 Ke8 73. Nc3
Kd7 74. Na4 Bd8 75. Bc5 Ke8 76. Kc3 Kd7 77. Kb3 Ke8 78. Nc3 Kd7 79. Ka4 Bc7 80.
b5 axb5+ 81. Kxb5 Nxc5 82. Kxc5 Ba5 83. Ne2 Be1 84. Nf4 Bxh4 85. Nxg6 Bxg5 86.
Nf8+ Ke7 87. Nh7 Be3 88. Nf6 h4 89. Ng4 Bf4 90. Nf2 Bg3 91. Nh3 Be1 92. Ng5 Bf2
93. Nh3 Bg3 94. Kc6 Be1 95. Kc5 Bc3 96. Ng5 Bb2 97. Nh3 Kd7 98. Nf4 Ba3+ 99.
Kb5 Bb2 100. Kc5 Ba3+ 101. Kb5 Be7 102. Nh3 Bd8 103. Nf4 Be7 104. Nh3 Ke8 105.
Kc6 Kf7 106. Nf4 Bg5 107. Nh3 Be3 108. Kc5 Kg6 109. Kd6 Kf5 110. Kc5 Kg4 111.
Kd6 Bxd4 112. Kxe6 Kxh3 113. Kxd5 Bxe5 0-1

[Event "3. Memorial Oliver Gonzalez 2012 - B"]
[Site "Madrid ESP"]
[Date "2012.09.04"]
[Round "4.17"]
[White "Morera Rodriguez, Ignacio"]
[Black "Lopez Heras, Arturo"]
[Result "1-0"]
[WhiteElo "1800"]
[BlackElo "1976"]
[PlyCount "169"]
[EventDate "2012.09.01"]
[EventType "swiss"]
[EventRounds "9"]
[EventCountry "ESP"]
[Source "lmi"]
[SourceDate "2012.09.01"]

1. d4 Nf6 2. c4 g6 3. g3 c5 4. d5 d6 5. Bg2 Bg7 6. Nc3 Nbd7 7. Nf3 Nb6 8. Nd2
O-O 9. a4 Ng4 10. a5 Nd7 11. h3 Nh6 12. Qc2 Nf5 13. e3 Nb8 14. Nf3 Na6 15. Qd2
Nb4 16. O-O Bd7 17. Ne1 Qc7 18. Nc2 Bh6 19. Nxb4 cxb4 20. Ne2 Qxc4 21. Rd1 Rac8
22. Nd4 Bg7 23. Nxf5 Bxf5 24. Ra4 Qc2 25. Rxb4 Rc7 26. e4 Bc8 27. Bf1 Rd8 28.
Kg2 Rdd7 29. Qxc2 Rxc2 30. Bd3 Rc5 31. Ra4 Rdc7 32. Be3 Bd7 33. Ra2 e6 34. Bxc5
Rxc5 35. b4 Rc3 36. Rc2 Rb3 37. Rc7 Ba4 38. dxe6 fxe6 39. Bc4 d5 40. Bxb3 Bxb3
41. Rdc1 Bc4 42. Rxb7 a6 43. exd5 Bxd5+ 44. f3 Bxb7 45. Rc7 Bd5 46. b5 axb5 47.
a6 Bd4 48. a7 b4 49. Rc8+ Kf7 50. a8=Q Bxa8 51. Rxa8 b3 52. f4 b2 53. Rb8 Ke7
54. Kf3 Kd6 55. Ke4 Bf6 56. g4 h6 57. g5 hxg5 58. fxg5 Bg7 59. Kd3 Kd5 60. Kc2
Ke4 61. Rg8 Bd4 62. Rxg6 Kf4 63. Rg8 e5 64. h4 Kg4 65. g6 Kh5 66. Kb1 Kh6 67.
Kc2 Kh5 68. Rg7 Kh6 69. Rg8 Kh5 70. g7 Kh6 71. h5 Kh7 72. Rc8 Kxg7 73. Rc6 Kf7
74. h6 e4 75. Rc7+ Kg6 76. h7 e3 77. Rb7 Kf5 78. Kd3 Bg7 79. Rb6 Kf4 80. Ke2
Ke4 81. Rb4+ Kd5 82. Kxe3 Kc5 83. Rb8 Kc4 84. Kd2 Be5 85. Kc2 1-0

[Event "3. Memorial Oliver Gonzalez 2012 - B"]
[Site "Madrid ESP"]
[Date "2012.09.04"]
[Round "4.18"]
[White "Juberias Guillen, Paloma"]
[Black "Rosa Ramirez, Victor D"]
[Result "1-0"]
[WhiteElo "1788"]
[BlackElo "1951"]
[PlyCount "69"]
[EventDate "2012.09.01"]
[EventType "swiss"]
[EventRounds "9"]
[EventCountry "ESP"]
[Source "lmi"]
[SourceDate "2012.09.01"]

1. d4 d5 2. c4 e6 3. Nc3 c6 4. e3 Nf6 5. Nf3 Nbd7 6. Bd3 dxc4 7. Bxc4 b5 8. Bd3
Bb7 9. a3 a6 10. b4 a5 11. Rb1 Nb6 12. e4 axb4 13. axb4 Be7 14. O-O O-O 15. Bc2
Na4 16. Bxa4 bxa4 17. Re1 c5 18. bxc5 Bc6 19. Ne5 Be8 20. Ba3 Qc7 21. Qc2 Bd7
22. c6 Bxa3 23. Nb5 Qb6 24. Nxa3 Qxd4 25. Nxd7 Nxd7 26. cxd7 Qxd7 27. Rb4 Rfc8
28. Qb2 Qd3 29. h3 h6 30. Re3 Qd1+ 31. Kh2 g6 32. Rb7 Ra6 33. Qf6 Rf8 34. Rg3
Qd6 35. e5 1-0

[Event "3. Memorial Oliver Gonzalez 2012 - B"]
[Site "Madrid ESP"]
[Date "2012.09.04"]
[Round "4.20"]
[White "Calleja Sanchez, Alfredo J"]
[Black "Yaniz Lana, Francisco Javier"]
[Result "1-0"]
[WhiteElo "1903"]
[BlackElo "1667"]
[PlyCount "41"]
[EventDate "2012.09.01"]
[EventType "swiss"]
[EventRounds "9"]
[EventCountry "ESP"]
[Source "lmi"]
[SourceDate "2012.09.01"]

1. e4 d5 2. exd5 Qxd5 3. Nc3 Qa5 4. d4 Nf6 5. Nf3 c6 6. h3 Bf5 7. Bd3 Bxd3 8.
Qxd3 Nbd7 9. O-O O-O-O 10. Ng5 e6 11. Nxf7 Be7 12. Nxh8 Rxh8 13. Bf4 g5 14. Bh2
h5 15. Ne4 g4 16. h4 Nxe4 17. Qxe4 Rh6 18. b4 Qa4 19. Qf4 Bd6 20. Qxd6 Qxc2 21.
Qc7# 1-0

[Event "3. Memorial Oliver Gonzalez 2012 - B"]
[Site "Madrid ESP"]
[Date "2012.09.04"]
[Round "4.21"]
[White "Anton Prado, Augusto"]
[Black "Garcia Salamero, Hector"]
[Result "0-1"]
[WhiteElo "1725"]
[BlackElo "1868"]
[PlyCount "66"]
[EventDate "2012.09.01"]
[EventType "swiss"]
[EventRounds "9"]
[EventCountry "ESP"]
[Source "lmi"]
[SourceDate "2012.09.01"]

1. e4 e5 2. d4 exd4 3. Qxd4 Nc6 4. Qe3 Nf6 5. Nc3 Bb4 6. Bd2 O-O 7. O-O-O Re8
8. Bc4 d6 9. f3 Be6 10. Bxe6 fxe6 11. Qf2 Qe7 12. Nge2 a5 13. g4 a4 14. g5 Nd7
15. f4 a3 16. b3 Rf8 17. Qg2 Ra5 18. h4 Nb6 19. Rh3 d5 20. exd5 Nxd5 21. Rd3
Nxc3 22. Nxc3 Raf5 23. Qe2 Bd6 24. Ne4 Bxf4 25. Bxf4 Rxf4 26. Rd7 Qb4 27. c4 e5
28. Nf6+ gxf6 29. gxf6 Qc3+ 30. Kb1 R4xf6 31. Rg1+ Rg6 32. Rxg6+ hxg6 33. Rd3
Rf1+ 0-1

[Event "3. Memorial Oliver Gonzalez 2012 - B"]
[Site "Madrid ESP"]
[Date "2012.09.04"]
[Round "4.23"]
[White "Plazuelo Pascual, Juan"]
[Black "Perez Alvarez, Javier"]
[Result "1-0"]
[WhiteElo "1721"]
[BlackElo "1834"]
[PlyCount "74"]
[EventDate "2012.09.01"]
[EventType "swiss"]
[EventRounds "9"]
[EventCountry "ESP"]
[Source "lmi"]
[SourceDate "2012.09.01"]

1. e4 e6 2. d4 d5 3. Nc3 Bb4 4. e5 c5 5. a3 Bxc3+ 6. bxc3 Qa5 7. Bd2 Qa4 8. Qb1
c4 9. Ne2 Nc6 10. h4 h6 11. h5 Nge7 12. Nf4 Bd7 13. g3 O-O-O 14. Bh3 Kb8 15.
Qb2 b6 16. O-O Rdf8 17. Rfe1 Kb7 18. Rab1 Rfg8 19. Qc1 Nd8 20. Rb4 Qc6 21. Qd1
Be8 22. Qe2 Qc7 23. Bg2 g5 24. hxg6 fxg6 25. Nxe6 Nxe6 26. Bxd5+ Nxd5 27. Rxc4
Qf7 28. Qe4 Nec7 29. Bf4 Bc6 30. Rxc6 Kxc6 31. c4 Qf5 32. cxd5+ Nxd5 33. Qf3 g5
34. c4 Kc7 35. cxd5 gxf4 36. d6+ Kd7 37. Qb7+ Ke6 1-0

[Event "3. Memorial Oliver Gonzalez 2012 - B"]
[Site "Madrid ESP"]
[Date "2012.09.04"]
[Round "4.24"]
[White "Fernandez Rodriguez, Fernando"]
[Black "Vazquez Gonzalez, Francisco"]
[Result "1/2-1/2"]
[WhiteElo "1728"]
[BlackElo "2049"]
[PlyCount "37"]
[EventDate "2012.09.01"]
[EventType "swiss"]
[EventRounds "9"]
[EventCountry "ESP"]
[Source "lmi"]
[SourceDate "2012.09.01"]

1. e4 e5 2. Nf3 Nc6 3. Bb5 f5 4. d3 fxe4 5. dxe4 Nf6 6. Qe2 Bc5 7. O-O d6 8.
Bg5 O-O 9. Nbd2 Qe8 10. Nb3 Bb6 11. c4 a6 12. Ba4 Bg4 13. Nbd2 Nd4 14. Qd1 Qh5
15. Be3 Nxf3+ 16. Nxf3 Nxe4 17. Qd5+ Kh8 18. Qxe4 Rxf3 19. Bd1 1/2-1/2

[Event "3. Memorial Oliver Gonzalez 2012 - B"]
[Site "Madrid ESP"]
[Date "2012.09.04"]
[Round "4.25"]
[White "Garcia Hernandez, Javier"]
[Black "Pinel Mirasierra, Jose Pablo"]
[Result "0-1"]
[WhiteElo "1721"]
[BlackElo "1999"]
[PlyCount "74"]
[EventDate "2012.09.01"]
[EventType "swiss"]
[EventRounds "9"]
[EventCountry "ESP"]
[Source "lmi"]
[SourceDate "2012.09.01"]

1. d4 d5 2. c4 c6 3. Nc3 Nf6 4. Nf3 e6 5. Bg5 Nbd7 6. e3 Be7 7. Bd3 dxc4 8.
Bxc4 b5 9. Be2 a6 10. O-O O-O 11. Rc1 Bb7 12. Qc2 Rc8 13. Rfd1 Qb6 14. Qb1 h6
15. Bh4 c5 16. dxc5 Nxc5 17. Ne5 b4 18. Bxf6 Bxf6 19. Nd7 Nxd7 20. Na4 Rxc1 21.
Rxc1 Qd6 22. Rd1 Qc6 23. Bf3 Qxa4 24. Bxb7 Nc5 25. Bf3 Rd8 26. Rc1 Nd3 27. Rc7
Nxb2 28. g3 Qa5 29. Qc2 Na4 30. Qc6 Qb6 31. Qc4 Qb5 32. Qe4 Nc3 33. Qf4 Ne2+
34. Bxe2 Qxe2 35. Rb7 Rd1+ 36. Kg2 Qf1+ 37. Kf3 Qh1+ 0-1

[Event "3. Memorial Oliver Gonzalez 2012 - B"]
[Site "Madrid ESP"]
[Date "2012.09.04"]
[Round "4.26"]
[White "Martinez Miura, Enrique"]
[Black "Rives Higueras, Alan"]
[Result "0-1"]
[WhiteElo "1707"]
[BlackElo "1959"]
[PlyCount "54"]
[EventDate "2012.09.01"]
[EventType "swiss"]
[EventRounds "9"]
[EventCountry "ESP"]
[Source "lmi"]
[SourceDate "2012.09.01"]

1. e4 e5 2. Nf3 Nf6 3. Nxe5 d6 4. Nf3 Nxe4 5. d4 d5 6. Bd3 Bd6 7. O-O O-O 8. c4
c6 9. cxd5 cxd5 10. Nc3 Nxc3 11. bxc3 h6 12. h3 Nc6 13. Re1 Be6 14. Rb1 Qc7 15.
Be3 Rfc8 16. Qd2 Ne7 17. Bxh6 gxh6 18. Qxh6 Nf5 19. Qg5+ Ng7 20. Qh4 Bf5 21.
Bxf5 Nxf5 22. Qg5+ Ng7 23. Nh4 Qd7 24. g4 Kh7 25. Kh1 Rxc3 26. Re3 Rxe3 27.
fxe3 Be7 0-1

[Event "3. Memorial Oliver Gonzalez 2012 - B"]
[Site "Madrid ESP"]
[Date "2012.09.04"]
[Round "4.27"]
[White "Rodriguez Dorado, Victor"]
[Black "Hernandez Mateo, Borja"]
[Result "1-0"]
[WhiteElo "1958"]
[BlackElo "1719"]
[PlyCount "115"]
[EventDate "2012.09.01"]
[EventType "swiss"]
[EventRounds "9"]
[EventCountry "ESP"]
[Source "lmi"]
[SourceDate "2012.09.01"]

1. c4 f5 2. Nc3 Nf6 3. Nf3 e6 4. g3 Be7 5. Bg2 O-O 6. O-O d6 7. d4 Nbd7 8. Re1
d5 9. cxd5 exd5 10. Qb3 c6 11. Bf4 Nh5 12. e3 g5 13. Be5 g4 14. Nd2 Nxe5 15.
dxe5 Qc7 16. Bxd5+ cxd5 17. Nxd5 Qxe5 18. Nxe7+ Kh8 19. Nxc8 Raxc8 20. Rad1 b5
21. Nb1 Nf6 22. Nc3 a6 23. Rd4 h5 24. Red1 Nh7 25. Rd5 Qe8 26. Qb4 Ng5 27. Qd6
Rc6 28. Qd8 Qxd8 29. Rxd8 Rxd8 30. Rxd8+ Kg7 31. a3 Rb6 32. Kg2 b4 33. Rd7+ Kg6
34. Nd5 Rb5 35. Rd6+ Kg7 36. Nxb4 Rc5 37. Rc6 Rxc6 38. Nxc6 Ne4 39. b4 Nc3 40.
Nb8 Nb5 41. Nxa6 Nxa3 42. Nc7 Nc4 43. Nd5 Nd6 44. Kf1 Kf7 45. Nf4 Ke7 46. Nxh5
Kd7 47. Nf4 Kc6 48. Nd3 Kb5 49. Ke2 Kc4 50. Nf4 Kxb4 51. h4 gxh3 52. Nxh3 Kc5
53. Kf3 Kd5 54. Kf4 Ke6 55. Ng5+ Kf6 56. e4 Kg6 57. exf5+ Nxf5 58. Ne4 1-0

[Event "3. Memorial Oliver Gonzalez 2012 - B"]
[Site "Madrid ESP"]
[Date "2012.09.04"]
[Round "4.28"]
[White "Tirado Parra, Alberto"]
[Black "Rodriguez Gomez, Jose"]
[Result "1-0"]
[WhiteElo "1910"]
[BlackElo "1716"]
[PlyCount "63"]
[EventDate "2012.09.01"]
[EventType "swiss"]
[EventRounds "9"]
[EventCountry "ESP"]
[Source "lmi"]
[SourceDate "2012.09.01"]

1. d4 d5 2. Nf3 Nf6 3. Bf4 e6 4. e3 b6 5. Bd3 Bd6 6. Ne5 Nbd7 7. Nc6 O-O 8.
Nxd8 Rxd8 9. Bxd6 cxd6 10. Qe2 e5 11. c3 e4 12. Ba6 Nf8 13. h3 Be6 14. a4 Rab8
15. Na3 Ne8 16. O-O Nc7 17. Bb5 Nxb5 18. axb5 Ra8 19. Nc2 Nd7 20. Nb4 Nb8 21.
Ra3 Rc8 22. Rfa1 Rc7 23. Qh5 g6 24. Qg5 Nd7 25. Nc6 a5 26. b4 Kg7 27. Qe7 Rac8
28. Nd8 Nf8 29. Qxd6 Bd7 30. Qxb6 axb4 31. cxb4 Rc4 32. Ra6 1-0